000 00238nam a22001097a 4500
040 _cSK
082 _a448
100 _aSOK PHEAV
245 _aMethode de francais pour la classe propedeutique
260 _aRUA
_bSOK
_c2010
942 _cAEDBB
999 _c8454
_d8454